Countries in The Americas From Richest to Poorest - In Order - Statistics

General Stats
  • This quiz has been taken 96 times
    55 since last reset
  • The average score is 30 of 35
Answer Stats
USD Hint Answer % Correct
$57.800 C Canada
100%
$76.000 U United States
100%
$36.000 P Panama
95%
$40.300 B Bahamas
93%
$28.500 U Uruguay
93%
$26.600 A Argentina
90%
$23.800 D Dominican Republic
90%
$38.200 G Guyana
90%
$3.100 H Haiti
90%
$6.700 H Honduras
90%
$5.900 V Venezuela
90%
$9.900 B Bolivia
88%
$10.500 E El Salvador
88%
$9.800 G Guatemala
88%
$11.800 J Jamaica
88%
$7.000 N Nicaragua
88%
$30.000 C Chile
86%
$12.600 E Ecuador
86%
$14.400 P Paraguay
86%
$29.800 T Trinidad and Tobago
86%
$24.500 C Costa Rica
83%
$12.300 C Cuba
83%
$22.200 M Mexico
83%
$21.900 A Antigua and Barbuda
81%
$17.500 B Barbados
79%
$7.100 B Belize
79%
$18.200 C Colombia
79%
$14.500 D Dominica
79%
$18.400 G Grenada
79%
$27.600 S Saint Kitts and Nevis
79%
$16.500 S Saint Lucia
79%
$15.500 S Saint Vincent and the Grenadines
79%
$24.000 B Brazil
76%
$15.000 P Peru
76%
$17.300 S Suriname
71%
No matching quizzes found
Score Distribution
Percent of People with Each Score
Percentile by Number Answered
Your Score History
You have not taken this quiz since the last reset